00586nam a2200181Ia 4500008004100000020002200041082001500063100002000078245005700098250001200155260004100167300001300208600003300221650001600254942000800270952010900278999001700387241115s9999 xx 000 0 und d a978-0-495-10836-8 a515.35 ZIL aZill, Dennis G. 0aDifferential Equations: With Boundary-value Problems a9th ed. aAustralia:bCengage Learningc,2018. ax, 559p. aHumanities & Natural Science aMathematics cBBD 001040708BB-HUMaUITUbUITUd2022-10-24eFBCg625.00l0pBB2657r2024-11-15 09:48:00w0000-00-00yBBD c27150d27150